000
00280nam a2200109Ia 4500
008
220204s9999 xx 000 0 und d
082
_a
929A/Z(MAR)
_b
FRA
100
_a
Fraser, Antonia
245
0
_a
Mary Queen of scots
260
_a
London
_b
Weidenfeld & Nicolson
_c
1969
942
_c
BK
999
_c
29534
_d
29534